LEADER 01124nam a2200241 i 4500 001 000000175254 003 CaOOAMICUS 005 20081113000000.0 008 081113s2008 it u000 u ita u 013 $a152731 040 $aSeMil$bita 245 10$aDa Bisanzio a Roma. L'oriente interpretato :$bAcqualagna. Abbazia di San Vincenzo al Furlo 11 luglio 2008 - 15 settembre 2008. 260 $a[S.l. :$bs.n.],$cstampa 2008$e(Urbino :$fArti Grafiche Editoriali,$gstampa 2008) 300 $a237 p. :$bill. ;$c22 cm. 490 0 $aI segni del tempo ;$v3 500 $aContiene : Biografia degli artist. - Dono del card. Dionigi Tettamanzi. 830 2$aI segni del tempo ;$v3.$0(OLS)http://semarc/title/11933 850 $aSeMil 852 $aSeMil$W1$xVenegono$y1$m5M I 52$j126077$B126077$CSeMilBibl$Z2$F138942 $81 941 1 $a5 961 $aOmaggio: Tettamanzi Card. Dionigi 996 $6245$aDa Bisanzio a Roma. L'oriente interpretato :$bAcqualagna. Abbazia di San Vincenzo al Furlo 11 luglio 2008 - 15 settembre 2008$9(OLS)http://semarc/title/251325 996 $6260$a[S.l. :$bs.n.]$9(OLS)http://semarc/publisher/29751 LEADER 01339nam a2200313 4500 001 000000347804 003 CaOOAMICUS 005 20210927121415.0 008 210913s2003 it 000 u ita r 020 $a88-07-01627-3 040 $aSeMil$bita 100 1 $aEsterházy, Péter.$0(OLS)http://semarc/name/114660 240 10$aHarmonia caelestis.$0(OLS)http://semarc/title/437108 245 10$aHarmonia caelestis /$cPéter Esterházy ; a cura di Giorgio Pressburger ; traduzione di Giorgio Pressburger e Antonio Sciacovelli. 264 1$aMilano :$bFeltrinelli,$c2003. 300 $a706 p., 1 c. di tav. ;$c22 cm 490 1 $aNarratori 541 0 $aOmaggio card. Angelo Scola (1U II 104) 700 1 $aPressburger, Giorgio,$d<1937-2017>.$0(OLS)http://semarc/name/90940 700 1 $aSciacovelli, Antonio,$d<1968- >.$0(OLS)http://semarc/name/108315 830 0$aNarratori.$0(OLS)http://semarc/title/425583 850 $aSeMil 852 $aSeMil$W1$xVenegono$y1$m1U II 104$j229210$B238857$CSeMilBibl$Z2$F238857 $81 941 1 $a6 961 $aOmaggio card. Angelo Scola 996 $6020$a88-07-01627-3$9(OLS)http://semarc/number/294096 996 $6245$aHarmonia caelestis$9(OLS)http://semarc/title/437109 996 $6264$aMilano :$bFeltrinelli$9(OLS)http://semarc/publisher/30237